Spanish Cultural Symbols - Statistics

General Stats
  • This quiz has been taken 43 times
  • The average score is 12 of 20
Answer Stats
Clue Answer % Correct
Surrealist artist with fancy mustache Salvador Dalí
95%
Painter of Guernica Pablo Picasso
92%
National dish with rice and saffron Paella
92%
Basilica that's still under construction Sagrada Familia
89%
Traditional Andalusian dance Flamenco
84%
Fictional knight-errant Don Quixote
70%
TV series utilizing masks of above Money Heist
70%
Royal family House of Bourbon
68%
Fruity red wine drink Sangria
68%
Rivalry between Real Madrid & FC Barcelona El Clásico
62%
Coveted culinary oil Olive oil
62%
National animal Bull
57%
Animal on coat of arms Lion
57%
Pilgrimage dating back to 1st Millenium Camino de Santiago
46%
Oft-shouted expression ¡Olé!
38%
Above's sidekick Sancho Panza
38%
Object often held by dancers of the above Hand fan
32%
Pillars on coat of arms Pillars of {Hercules}
27%
Patron saint (Aragon & Catalonia) St. George
22%
National flower Red Carnation
11%
No matching quizzes found
Score Distribution
Percent of People with Each Score
Percentile by Number Answered
Your Score History
You have not taken this quiz